Normal view
MARC view
- العبيدي، علي هادي
Entry Personal Name
001 - CONTROL NUMBER
- control field: 12340
003 - CONTROL NUMBER IDENTIFIER
- control field: JO-AjAnu
005 - DATE AND TIME OF LATEST TRANSACTION
- control field: 20230606072258.0
008 - FIXED-LENGTH DATA ELEMENTS
- fixed length control field: 230606|| aca||aabn | a|a d
040 ## - CATALOGING SOURCE
- Original cataloging agency: JO-AjAnu
- Transcribing agency: JO-AjAnu
100 ## - HEADING--PERSONAL NAME
- Personal name: العبيدي، علي هادي
670 ## - SOURCE DATA FOUND
- Source citation: Work cat.: (JO-AjAnu)6355: العبيدي، علي هادي , author, الوجيز في شرح القانون المدني : الحقوق العينية، الحقوق العينية الأصلية، الحقوق العينية التبعية، حق الملكية، الحقوق المتفرعة عن حق الملكية "دراسة موازنة"